ARRUPE JESUIT UNIVERSITY

CORONAVIRUS -STOP THE SPREAD - CLEAN,DISINFECT,COVER

Conquest of abudance (Record no. 15330)

MARC details
000 -LEADER
fixed length control field 00609nam a2200229Ia 4500
003 - CONTROL NUMBER IDENTIFIER
control field 0100
008 - FIXED-LENGTH DATA ELEMENTS--GENERAL INFORMATION
fixed length control field 130303s9999 xx 000 0 und d
020 ## - INTERNATIONAL STANDARD BOOK NUMBER
International Standard Book Number 0226245330
040 ## - CATALOGING SOURCE
Transcribing agency ARRUPELIB
050 ## - LIBRARY OF CONGRESS CALL NUMBER
Classification number B3240.F483C66 1999
300 ## - PHYSICAL DESCRIPTION
Other physical details 285p. 23cm.
100 ## - MAIN ENTRY--PERSONAL NAME
Personal name Feyerabend, Paul
245 ## - TITLE STATEMENT
Title Conquest of abudance
245 ## - TITLE STATEMENT
Remainder of title a tale of abstraction versus the richness of being
260 ## - PUBLICATION, DISTRIBUTION, ETC. (IMPRINT)
Place of publication, distribution, etc Chicago
260 ## - PUBLICATION, DISTRIBUTION, ETC. (IMPRINT)
Name of publisher, distributor, etc The University of Chicago Press
260 ## - PUBLICATION, DISTRIBUTION, ETC. (IMPRINT)
-- 1999
300 ## - PHYSICAL DESCRIPTION
Extent xviii
650 ## - SUBJECT ADDED ENTRY--TOPICAL TERM
Topical term following geographic name as entry element Genocide--Rwanda--History--20th century
700 ## - ADDED ENTRY--PERSONAL NAME
Personal name Terpstra, Bert (ed.)
942 00 - ADDED ENTRY ELEMENTS (KOHA)
Koha issues (borrowed), all copies 1
Holdings
Withdrawn status Lost status Source of classification or shelving scheme Damaged status Not for loan Collection code Home library Current library Shelving location Date acquired Total Checkouts Full call number Barcode Date last seen Date checked out Copy number Price effective from Koha item type
    Library of Congress Classification     Main Collection ARRUPE LIBRARY ARRUPE LIBRARY   04/03/2013 1 B3240.F483C66 1999 46003012595 21/11/2013 06/11/2013 1 04/03/2013 Monograph ( Printed materials)

 

Arrupe Library. PO Box MP320 Mt Pleasant, Harare, Zimbabwe
263 242 745411|librarian@aju.ac.zw